El quichua en la historia y la geografia lingüistica argentina /
Guardado en:
| Autor Principal: | |
|---|---|
| Formato: | Libro |
| Publicado: |
Santiago Del Estero :
Universidad Nacional De Santiago Del Estero,
1981
|
| Series: | Cuadernos De La Unse, V.1, Nº1
|
| Materias: | |
| Etiquetas: |
Agregar Etiqueta
Sin Etiquetas, Sea el primero en etiquetar este registro!
|
| LEADER | 00592nam a22001695a 4500 | ||
|---|---|---|---|
| 001 | EHU.bham006406 | ||
| 003 | AR-BHAM | ||
| 005 | 20090616161225.0 | ||
| 008 | 130507s1981##################000#0#####d | ||
| 082 | 4 | 9 | |a 498 |
| 100 | 1 | |a Bravo, Domingo A. | |
| 245 | 1 | 0 | |a El quichua en la historia y la geografia lingüistica argentina / |c Domingo A. Bravo. |
| 260 | |a Santiago Del Estero : |b Universidad Nacional De Santiago Del Estero, |c 1981 | ||
| 300 | |a 31 p. | ||
| 490 | 0 | |a Cuadernos De La Unse, V.1, Nº1 | |
| 653 | |a Lenguas de america del sur | ||
| 859 | |a AR-BHAM |b BIB. HUMANIDADES - General |h 498 |i B739-3 |p 386.81 |t Ej.1 | ||
